000 01177nam a2200349 i 4500
001 22758
003 ES-MaACL
005 20250824052153.0
007 t|
008 021204s19101911sp ||||1| spa d
100 1 _aÁlvarez Quintero, Serafín,
_d1871-1938
_eaut
_9226443
245 1 0 _aComedias escogidas /
_cSerafín Álvarez Quintero.
260 _aMadrid :
_bBiblioteca Renacimiento,
_c1910-1911.
300 _a4 volúmenes ;
_c19 cm.
505 0 _aVol. I. Los galeotes; El patio; Las flores - v. II. La zagala; Pepita Reyes; El genio alegre - v. III. La dicha ajena; El amor que pasa; Las de Caín - v. IV. La musa loca; El niño prodigio; Amores y amoríos
655 0 _aTeatro
_9234794
740 4 2 _aLos galeotes.
740 3 2 _aEl patio.
740 4 2 _aLas flores.
740 3 2 _aLa zagala.
740 0 2 _aPepita Reyes.
740 3 2 _aEl genio alegre.
740 3 2 _aLa dicha ajena.
740 3 2 _aEl amor que pasa.
740 4 2 _aLas de Caín.
740 3 2 _aLa musa loca.
740 3 2 _aEl niño prodigio.
740 0 2 _aAmores y amoríos.
852 _aES-MaACL
_cSPP2
_jF-9468-71
942 _2udc
_cMONOGRAFIA
_n0
999 _c22758
_d22758